Statistiques concernant Culture Générale - Série 624

Cliquez ici pour prendre le quiz!

Statistiques générales

  • Ce quiz a été pris 122 fois
  • Le résultat moyen est 7 sur 10

Statistiques - réponses

QuestionRéponse% Correct
Selon la Bible, quel homme construisit une arche pour échapper au Déluge ?Noé
99%
Quel nom désigne le petit du loup ?louveteau
93%
Quel mot, rimant avec chaud, désigne un potage froid d'origine espagnole à base de tomates ?gaspacho
90%
De quel signe astrologique est une personne née le 1er juin ?Gémeaux
83%
Quel est le pays d'origine de la chanteuse Kylie Minogue ?Australie
83%
Quel pays, situé entre la Birmanie et le Cambodge, est baigné par la mer d'Andaman ?Thaïlande
66%
Quel légume est le "Coco de Paimpol" ?haricot
64%
Quel est le prénom de la seconde épouse du prince Charles, héritier du trône d'Angleterre ?Camilla
62%
Quel écrivain, prénommé Albert, est l'auteur du célèbre roman “Belle du seigneur” en 1968 ?Albert Cohen
26%
Quel est le titre du roman écrit en 1965 par Albertine Sarrazin ?L'Astragale
13%

Distribution des résultats

Percentile par nombre de réponses

% des personnes avec chaque résultat

Votre développement - résultats

Vous n’avez pas pris ce quiz